01296nam a2200169 4500008001000000020001800010082001500028100002900043245005600072260005300128300003600181505066500217650006800882700004200950999001500992952011901007708 A675a a9788482155456 a708bA675a aAnglada, Cristina 97097 aARCO:bFeria Internacional de Arte Contemporáneo  aMadridbARCOmadridbIFEMA, Feria de Madridc2019 a567 p.bil. (col)c24 x 16,5 cm tComité de Honor - Committee of Honour tComité Organizador - Organising CommitteetOrganización - OrganisationtComisario de ARCOmadrid 2019 - ARCOmadrid 2019 CuratorstComité Apoyo Perú en ARCO - Support Committee Peru in ARCO tPerú Comité Organizador - Organising Committee Peru tIndices - Indexes tGalerías y Secciones - Galleries and Sections tGalerías - Galleries tProyectos Institucionales - Institutional Projects tARCO Espacios Culturales - ARCO Cultural Spaces tLibrerías - Bookshops tRevistas - Magazines tPublicidad - Publicity tIndices - Indexes tGalerías por Países y Artistas - Galleries by Countris and Artists xarte contemporáneo xarte - exhibicionesxarte - feria 97098 ade Meñaka, Amaia (edición) 97099 c1811d1811 00102ddc4070aLVbLVcEventos y Bienalesd2019-07-06l0o708 A675ap004808r2019-07-06 00:00:00w2019-07-06y01